Perspektívy rozvoja prímestskej rekreácie obyvateľov mesta Košíc záverečná práca postgraduálneho štúdia

Guardado en:
Detalles Bibliográficos
Autor principal: Hanzok, Ladislav
Autor Corporativo: Vysoká škola ekonomická v Bratislave
Otros Autores: Orieška, Ján
Formato: Libro
Lenguaje:eslovaco
Publicado: Banská Bystrica 1989
Etiquetas: Agregar Etiqueta
Sin Etiquetas, Sea el primero en etiquetar este registro!

MARC

LEADER 00000nam a2200000 4500
001 c039285
005 20221215071110.5
041 0 |a slo 
044 |a SK 
245 1 0 |a Perspektívy rozvoja prímestskej rekreácie obyvateľov mesta Košíc  |b záverečná práca postgraduálneho štúdia  |c Ladislav Hanzok ; Ved. práce Ján Orieška 
264 1 |a Banská Bystrica  |c 1989 
300 |a 57 s. 
100 1 |a Hanzok, Ladislav 
700 1 |a Orieška, Ján 
710 2 |a Vysoká škola ekonomická v Bratislave